Problemas resueltos de circuitos eléctricos (Registro nro. 13422)
[ vista simple ]
| 000 -Cabecera | |
|---|---|
| Campo de control de longitud fija | 00650nam a22002417a 4500 |
| 005 - Fecha y hora de la última transacción | |
| Campo de control | 20230830112446.0 |
| 008 - Elementos de longitud fija--Información general | |
| Campo de control de longitud fija | 230220b2019 |||||||| |||| 00| 0 spa d |
| 020 ## - International Standard Book Number | |
| Número Internacional Estándar del Libro (ISBN) | 9788416228768 |
| 041 ## - Idioma | |
| Código de idioma | Español |
| 082 ## - Clasificación Decimal Dewey | |
| Número de clasificación | 621.381.5 F812p |
| 100 ## - Entrada principal--Autor personal | |
| Nombre personal | Fraile Mora, Jesús |
| 100 ## - Entrada principal--Autor personal | |
| Nombre personal | Fraile Ardanuy, Jesús |
| 245 ## - Título propiamente dicho | |
| Título | Problemas resueltos de circuitos eléctricos |
| 260 ## - Pie de imprenta | |
| Lugar de publicación, distribución, etc. | España |
| 260 ## - Pie de imprenta | |
| Nombre del editor, distribuidor, etc. | Ibergarceta Publicaciones |
| 260 ## - Pie de imprenta | |
| Fecha de publicación, distribución, etc. | 2019 |
| 300 ## - Descripción física | |
| Extensión | 354 páginas |
| 650 ## - Materia general | |
| Temática (materia general) | CIRCUITOS ELÉCTRICOS |
| 650 ## - Materia general | |
| Temática (materia general) | CIRCUITOS DE CORRIENTE ALTERNA SINUSOIDAL |
| 650 ## - Materia general | |
| Temática (materia general) | CIRCUITOS TRIFÁSICOS |
| 942 ## - Punto de acceso adicional KOHA | |
| Tipo de ítem KOHA | Libro |
| Fuente del sistema de clasificación o colocación | Dewey Decimal Classification |
| Signatura completa | Código de barras | Programa Académico | Tipo de ítem |
|---|---|---|---|
| 621.381.5 F812p | 25619 | Electrónica | Libro |
| 621.381.5 F812p | 25618 | Electrónica | Libro |